Tous les pays avec la lettre U - Statistiques

Statistiques générales
  • Ce quiz a été pris 81 fois
    32 depuis la dernière actualisation
  • Le résultat moyen est 54 sur 68
Statistiques - réponses
N° « U » Date d'arrivée dans l'ONU Réponse . . . % Correct
3 1945 Uruguay . . .
100%
1 1945 Australie . . .
94%
1 1955 Autriche . . .
94%
1 1991 Corée du sud .. . .
94%
3 1945 Afrique du sud . . .
94%
1 1945 Paraguay
94%
1 1945 Pérou . . .
94%
1 1945 Russie . . .
94%
3 2011 Soudan du sud . .. .
94%
1 1956 Soudan . . .
94%
1 1945 Biélorussie . . .
89%
1 1960 Cameroun . . .
89%
1 1945 Cuba . . .
89%
1 1945 États-unis . . .
89%
2 1968 Guinée équatoriale . . .
89%
2 1960 République Centrafricaine . . .
89%
1 1945 Ukraine . . .
89%
1 1958 Guinée . . .
89%
1 1991 Lituanie . . .
89%
3 1975 Papouasie-Nouvelle-Guinée . . .
89%
4 1960 République démocratique du Congo .. . .
89%
3 1960 République du Congo . . .
89%
1 1955 Roumanie . . .
89%
1 1946 Suède . . .
89%
1 1956 Tunisie . . .
89%
1 1992 Turkménistan . . .
89%
2 1945 Turquie . . .
89%
1 1992 Ouzbékistan . . .
89%
1 1945 Équateur . .. .
83%
1 1955 Bulgarie . . .
83%
1 1945 Guatemala . . .
83%
2 1974 Guinée Bissau .. . .
83%
1 1955 Portugal . . .
83%
3 1993 République Tchèque . . .
83%
2 1945 Royaume uni . . .
83%
1 1975 Suriname . . .
83%
2 1981 Vanuatu . . .
83%
1 1945 Arabie Saoudite . . .
78%
1 1945 Belgique . . .
78%
1 1971 Bhoutan . . .
78%
1 1966 Guyana . . .
78%
1 2002 Suisse . . .
78%
1 1945 Honduras . . .
78%
1 1968 Maurice . . .
78%
1 1945 Nouvelle Zélande . . .
78%
1 1962 Ouganda . . .
78%
1 1965 Singapour . . .
78%
1 1945 Venezuela . . .
78%
2 1962 Burundi . . .
72%
2 1991 Corée du nord . . .
72%
1 1971 Émirats arabes unis . . ..
72%
1 1977 Djibouti . . .
72%
1 1961 Mauritanie . . .
72%
1 1945 Mexique . . .
72%
1 1975 Mozambique . . .
72%
2 1945 République dominicaine . . .
72%
2 2000 Tuvalu . . .
72%
1 1962 Jamaïque . . .
67%
1 1979 Sainte-Lucie . . .
67%
1 1993 Slovaquie . . .
67%
1 1960 Burkina Faso . . .
61%
2 1945 Luxembourg . . .
61%
1 1945 Nicaragua . . .
61%
2 1981 Antigua-et-Barbuda . . .
50%
1 1978 Dominique .. . .
50%
2 1999 Nauru . .. .
50%
1 1984 Brunei . . .
44%
1 1993 Macédoine du nord . . .
44%
Aucun quiz correspondant
Distribution des résultats
% des personnes avec chaque résultat
Percentile par nombre de réponses
Votre historique - résultats
Vous n’avez pas pris ce quiz depuis la dernière actualisation